000 01372nam a2200445 a 4500
001 21755
003 CZ PrNK
005 20260309134625.0
007 ta
008 090427s2009 xr a b 000 j slo
015 _acnb001927442
020 _a9788025211311
_q(váz.)
035 _a(OCoLC)403686507
040 _aBOA001
_bcze
_dABA001
041 1 _aslo
_heng
072 7 _a821-93
_xLiteratura pro děti a mládež (beletrie)
_2Konspekt
080 _a821-93
_2MRF
080 _a821-32
_2MRF
080 _a(0:82-32)
_2MRF
100 1 _aMarsoli, Lisa Ann,
_d1958-
_4aut
245 1 0 _aBolt /
_cadaptácia Lisa Marsoli ; ilustrácie Andrew Phillipson, Jean-Paul Orpiñas a kolektív výtvarníkov z The [Disney Storybook Artists]
246 3 0 _aBolt
250 _a1. vyd.
260 _aV Prahe :
_bEgmont,
_c2009
300 _a63 s. :
_bbarev. il. ;
_c29 cm
500 _aPřeloženo z angličtiny?
500 _aNad názvem: Disney
655 7 _apříběhy
_2czenas
655 7 _apublikace pro děti
_2czenas
655 9 _astories
_2eczenas
655 9 _achildren's literature
_2eczenas
700 1 _aPhillipson, Andy
_4ill
700 1 _aOrpinas, Jean-Paul
_4ill
710 2 _aWalt Disney Enterprises
710 2 _aDisney Storybook Artists
765 0 _tBolt
901 _b9788025211311
_f1. vyd.
_o20090710
910 _aABA001
942 _2ddc
_cKLDE
_n0
999 _c21755
_d21755